[Event "London Classic Open 2017"]
[Site "London ENG"]
[Date "2017.12.09"]
[Round "9.64"]
[White "Kobas, Mihael"]
[Black "Semprun Martinez, Fernando"]
[Result "0-1"]
[WhiteElo "2001"]
[BlackElo "2205"]
[WhiteFideId "14537133"]
[BlackFideId "2203170"]
[EventDate "2017.12.02"]

1. d4 Nf6 2. c4 g6 3. Nc3 Bg7 4. Nf3 O-O 5. g3 d5 6. cxd5 Nxd5 7. Bg2 c5 8. e4
Nxc3 9. bxc3 Nc6 10. Be3 Bg4 11. e5 cxd4 12. cxd4 Qa5+ 13. Qd2 Rfd8 14. Qxa5
Nxa5 15. O-O Rac8 16. Rfc1 Nc4 17. h3 Bf5 18. Nh4 Be6 19. Bxb7 Rb8 20. Bg2 Nxe3
21. fxe3 Bh6 22. Re1 Rb2 23. Rad1 Bxa2 24. d5 Bg7 25. d6 exd6 26. Rxd6 Rxd6 27.
exd6 Rd2 28. Rc1 Rxd6 29. Rc8+ Bf8 30. Ra8 Rd7 31. Nf3 Bd5 32. Rc8 Rb7 33. Rd8
Rb1+ 34. Kh2 Bb7 35. Rb8 Be4 36. Re8 Rb4 37. Ne5 Rb2 0-1

[Event "London Classic Open 2017"]
[Site "London ENG"]
[Date "2017.12.09"]
[Round "9.65"]
[White "Yoon, Jacob D"]
[Black "Hill, Alistair"]
[Result "0-1"]
[WhiteElo "2045"]
[BlackElo "2179"]
[WhiteFideId "446076"]
[BlackFideId "432407"]
[EventDate "2017.12.02"]

1. e4 e6 2. d4 d5 3. Nd2 Be7 4. e5 c5 5. c3 cxd4 6. cxd4 Qb6 7. Qg4 Kf8 8. Ne2
Nc6 9. a3 h5 10. Qf4 g5 11. Qe3 Nh6 12. Nb3 Bd7 13. Qd3 Nf5 14. Be3 Na5 15. Nxa5
Nxe3 16. Qxe3 Qxa5+ 17. Nc3 Rc8 18. Rc1 b5 19. Be2 b4 20. axb4 Qxb4 21. O-O f5
22. Nxd5 exd5 23. e6 Bc6 24. Ba6 Kg7 25. Bxc8 Rxc8 26. Qe5+ Bf6 27. Qxf5 Qd6 28.
f4 Rf8 29. Kh1 Be7 30. Qd3 Rxf4 31. Rxf4 gxf4 32. Qa6 Be8 33. Qc8 Bg6 34. h3 f3
35. gxf3 Qg3 36. Qc7 Qxf3+ 37. Kg1 Qe3+ 38. Kf1 Qxh3+ 39. Kf2 Qf5+ 40. Kg3 Qd3+
41. Kh2 Qd2+ 42. Kg1 Qxd4+ 43. Kg2 Qd2+ 44. Kg1 Qe3+ 45. Kf1 Kh6 46. Qxe7 Qxc1+
47. Kf2 Qxb2+ 48. Ke1 Qe5+ 49. Kf2 Qf4+ 50. Ke2 d4 51. Qxa7 d3+ 52. Ke1 Qe4+ 53.
Kf2 d2 54. Qd7 Qe1+ 55. Kf3 d1=Q+ 56. Kf4 Qg4# 0-1

[Event "London Classic Open 2017"]
[Site "London ENG"]
[Date "2017.12.09"]
[Round "9.66"]
[White "Osborne, Marcus E"]
[Black "Misyura, Ilya"]
[Result "1-0"]
[WhiteElo "2175"]
[BlackElo "1983"]
[WhiteFideId "404608"]
[BlackFideId "434183"]
[EventDate "2017.12.02"]

1. d4 Nf6 2. c4 g6 3. Nc3 Bg7 4. e4 d6 5. f3 O-O 6. Be3 c6 7. Qd2 a6 8. O-O-O b5
9. Kb1 Nbd7 10. e5 Ne8 11. Bh6 bxc4 12. h4 dxe5 13. h5 exd4 14. Bxg7 Nxg7 15.
hxg6 fxg6 16. Bxc4+ e6 17. Qh6 Nf6 18. Ne4 c5 19. Nxf6+ Qxf6 20. Qxh7+ Kf7 21.
Qh2 Bb7 22. Qc7+ Qe7 23. Qe5 Rh8 24. Ne2 Rac8 25. Rxh8 Rxh8 26. Nf4 Re8 27. Nh3
Nf5 28. Bxe6+ Kf8 29. Qh8# 1-0

[Event "London Classic Open 2017"]
[Site "London ENG"]
[Date "2017.12.09"]
[Round "9.67"]
[White "Burke, John S"]
[Black "Caglar, Sila"]
[Result "1-0"]
[BlackTitle "WFM"]
[WhiteElo "1978"]
[BlackElo "2167"]
[WhiteFideId "404322"]
[BlackFideId "6364063"]
[EventDate "2017.12.02"]

1. d4 Nf6 2. Bf4 e6 3. e3 Be7 4. Nd2 O-O 5. Bd3 d5 6. Ngf3 Nbd7 7. c3 c5 8. Ne5
Qb6 9. Rb1 c4 10. Bc2 Qa6 11. a3 b5 12. O-O Qb6 13. Qf3 Re8 14. Qh3 Nf8 15. Bg5
a5 16. Qg3 N6d7 17. Bxe7 Rxe7 18. Nxd7 Bxd7 19. e4 e5 20. dxe5 d4 21. cxd4 Qxd4
22. Nf3 Qb6 23. Rbd1 Ng6 24. Rd6 Qc7 25. Rfd1 b4 26. Qg5 h6 27. Qd2 Bg4 28. Rxg6
Bxf3 29. gxf3 fxg6 30. Qd5+ Kh7 31. Qxa8 Qxe5 32. Qf8 Rb7 33. Rd8 g5 34. Qg8+
Kg6 35. Ba4 bxa3 36. Be8+ Kf6 37. Qf8+ Ke6 38. Bd7+ Rxd7 39. Re8+ 1-0

[Event "London Classic Open 2017"]
[Site "London ENG"]
[Date "2017.12.09"]
[Round "9.68"]
[White "Bansal, Rohan"]
[Black "Pein, Jonathan"]
[Result "1/2-1/2"]
[WhiteElo "1971"]
[BlackElo "2165"]
[WhiteFideId "425052"]
[BlackFideId "417092"]
[EventDate "2017.12.02"]

1. d4 Nf6 2. c4 g6 3. Nc3 Bg7 4. e4 O-O 5. Be2 d6 6. Bg5 c5 7. d5 h6 8. Be3 e6
9. Qd2 exd5 10. exd5 Kh7 11. h3 Re8 12. Nf3 Bf5 13. O-O Ne4 14. Nxe4 Bxe4 15.
Ne1 Nd7 16. f3 Bxd5 17. Qxd5 Rxe3 18. Bd3 Qe7 19. Qxb7 Rb8 20. Qxa7 Rxb2 21. f4
Rg3 22. Rf3 Rbxg2+ 23. Nxg2 Rxf3 24. Re1 Qd8 25. Be4 Rxh3 26. Bc6 Bd4+ 27. Kf1
Rh1+ 28. Ke2 Qe7+ 29. Kd1 Rxe1+ 30. Nxe1 Bc3 31. Nf3 Qe3 32. Qxd7 Qd3+ 33. Kc1
Qxc4 34. f5 g5 35. f6 Bxf6+ 36. Kd1 Qd3+ 37. Nd2 Kg7 38. Bb5 Qe3 39. Bc4 Qe7 40.
Qf5 Qe5 41. Qxe5 dxe5 42. a4 Bd8 43. Ne4 g4 44. Nxc5 g3 45. Bf1 Kg6 46. Ke2 h5
47. Kf3 h4 48. Nd7 Kf5 49. Bh3+ Kg5 50. Nxe5 Kf6 51. Nc6 Bb6 52. a5 Bc5 53. a6
Bb6 54. a7 Bxa7 55. Nxa7 Ke5 56. Nc6+ Kd6 57. Nd4 Ke5 58. Nf5 Kd5 59. Nxh4 Ke5
60. Kxg3 f5 61. Bxf5 Kd4 62. Kf4 Kd5 63. Nf3 Kd6 64. Ke4 Kc5 65. Ne5 Kd6 66. Nd3
Kc6 67. Be6 Kd6 68. Bd5 Kc7 69. Kd4 Kd6 70. Nf4 Kd7 71. Kc5 Ke7 72. Nh5 Kd7 73.
Bc4 Ke7 74. Kc6 Kf8 75. Kd6 Ke8 76. Ng7+ Kf8 77. Nf5 Ke8 78. Be6 Kf8 79. Bd7 Kf7
80. Be6+ Kf6 81. Ne7 Kg5 82. Ke5 Kh6 83. Kf6 Kh7 84. Ng6 Kh6 85. Bg8 Kh5 86. Be6
Kh6 87. Ne5 Kh7 88. Bf7 Kh8 89. Ng6+ Kh7 90. Ne7 Kh8 91. Ng6+ Kh7 92. Bc4 Kh6
93. Bg8 Kh5 94. Ne5 Kh4 1/2-1/2

[Event "London Classic Open 2017"]
[Site "London ENG"]
[Date "2017.12.09"]
[Round "9.69"]
[White "Stanisz, Patryk"]
[Black "Newton, Andrew"]
[Result "1-0"]
[WhiteElo "2150"]
[BlackElo "1886"]
[WhiteFideId "1123106"]
[BlackFideId "2403285"]
[EventDate "2017.12.02"]

1. Nf3 Nf6 2. b3 d5 3. Bb2 g6 4. e3 Bg7 5. d4 O-O 6. Bd3 Nc6 7. a3 e5 8. Nxe5
Nxe5 9. dxe5 Ng4 10. Nd2 Nxe5 11. Rb1 Qd6 12. Be2 Re8 13. b4 h5 14. h3 h4 15.
Nb3 Bf5 16. Nd4 Be4 17. f3 Bf5 18. Nxf5 gxf5 19. O-O Ng6 20. Bxg7 Kxg7 21. Qd4+
Qe5 22. Bd3 Qxd4 23. exd4 Kf6 24. Rfe1 Nf4 25. Bf1 Rg8 26. Kh2 Rg3 27. c3 Rag8
28. Rb2 c6 29. a4 a6 30. b5 cxb5 31. axb5 a5 32. b6 Rc8 33. Ra1 Rxc3 34. Rxa5
Rg8 35. Rc5 Ra3 36. Bb5 Rb8 37. Bd7 Nd3 38. Rd2 Nxc5 39. dxc5 Rd8 40. Rxd5 Ke7
41. c6 bxc6 42. Bxc6 Rxd5 43. Bxd5 Ra6 44. b7 Rb6 45. f4 f6 46. g3 Rb2+ 47. Bg2
hxg3+ 48. Kxg3 Kd6 49. h4 Kc7 50. h5 Rd2 51. h6 Rd8 52. Kh4 Kd6 53. Kh5 Ke6 54.
h7 Kf7 55. Kh6 1-0

[Event "London Classic Open 2017"]
[Site "London ENG"]
[Date "2017.12.09"]
[Round "9.70"]
[White "Pedersen, Carsten"]
[Black "Siddharth, Sabharishankar"]
[Result "1/2-1/2"]
[WhiteElo "2144"]
[BlackElo "1837"]
[WhiteFideId "1409760"]
[BlackFideId "25068563"]
[EventDate "2017.12.02"]

1. e4 e5 2. Nf3 Nc6 3. Bc4 Bc5 4. O-O Nf6 5. d4 Bxd4 6. Nxd4 Nxd4 7. f4 d6 8.
fxe5 dxe5 9. Bg5 Be6 10. Na3 Bxc4 11. Nxc4 Qe7 12. Bxf6 gxf6 13. c3 Ne6 14. b4
Rg8 15. Kh1 Rg6 16. Ne3 Qd7 17. Qxd7+ Kxd7 18. Rad1+ Ke8 19. Nd5 Rd8 20. Nxf6+
Ke7 21. Nd5+ Ke8 22. Rf5 c6 23. Nf6+ Ke7 24. Rxd8 Nxd8 25. Nh5 f6 26. Ng3 Rg5
27. Rf3 Rg4 28. Kg1 Nf7 29. Kf2 Nd6 30. Ke3 Rg5 31. Kf2 1/2-1/2

[Event "London Classic Open 2017"]
[Site "London ENG"]
[Date "2017.12.09"]
[Round "9.71"]
[White "Hand, Freddie"]
[Black "Ensmenger, Hugo"]
[Result "1-0"]
[WhiteElo "2139"]
[BlackElo "1829"]
[WhiteFideId "436950"]
[BlackFideId "1317407"]
[EventDate "2017.12.02"]

1. d4 e6 2. c4 f5 3. Nf3 Nf6 4. Nc3 Bb4 5. Qb3 Qe7 6. g3 b6 7. Bg2 Bb7 8. O-O
Bxc3 9. Qxc3 Ne4 10. Qc2 Nc6 11. a3 Nd8 12. b4 d6 13. a4 O-O 14. c5 a5 15. cxb6
cxb6 16. Ba3 Nf7 17. bxa5 Rfc8 18. Qb2 bxa5 19. Ne5 Bd5 20. Rfc1 Qd8 21. Nxf7
Kxf7 22. Bxe4 Bxe4 23. Qd2 g5 24. h4 h6 25. hxg5 hxg5 26. f3 Bd5 27. Kg2 Rxc1
28. Rxc1 Ra7 29. Rh1 Kg6 30. g4 fxg4 31. Qd3+ Kg7 32. Qh7+ 1-0

[Event "London Classic Open 2017"]
[Site "London ENG"]
[Date "2017.12.09"]
[Round "9.72"]
[White "Sarvesh, Kumar A"]
[Black "Voss, Gunther"]
[Result "1/2-1/2"]
[WhiteElo "1877"]
[BlackElo "2118"]
[WhiteFideId "35019236"]
[BlackFideId "4683234"]
[EventDate "2017.12.02"]

1. e4 c5 2. Nf3 e6 3. d4 cxd4 4. Nxd4 Nc6 5. Nxc6 bxc6 6. Bd3 Ba6 7. O-O Bxd3 8.
cxd3 Nf6 9. Nc3 d6 10. Be3 Be7 11. Rc1 O-O 12. f4 Qb8 13. Qe2 a5 14. b3 Rd8 15.
d4 e5 16. d5 cxd5 17. Nxd5 Nxd5 18. exd5 a4 19. Qc4 axb3 20. axb3 Ra3 21. fxe5
Qxb3 22. Qxb3 Rxb3 23. Rc7 Rxe3 24. Rxe7 Rxe5 25. Rfxf7 Rg5 26. h4 1/2-1/2

[Event "London Classic Open 2017"]
[Site "London ENG"]
[Date "2017.12.09"]
[Round "9.73"]
[White "Bates, Caspar J"]
[Black "Mugalu, Hassan"]
[Result "1-0"]
[WhiteElo "2112"]
[BlackElo "1798"]
[WhiteFideId "414760"]
[BlackFideId "451533"]
[EventDate "2017.12.02"]

1. d4 Nf6 2. c4 g6 3. g3 Bg7 4. Bg2 d6 5. Nc3 Nbd7 6. Nf3 c5 7. O-O cxd4 8. Nxd4
O-O 9. b3 Rb8 10. Bb2 Nc5 11. b4 Qb6 12. Ndb5 Ne6 13. a4 a6 14. a5 Qd8 15. Na7
Bd7 16. b5 Nc5 17. b6 Be6 18. Na4 Bxc4 19. Nxc5 dxc5 20. Qc2 Be6 21. Be5 Nd7 22.
Bxb8 Qxb8 23. Rad1 c4 24. Bd5 Ne5 25. Bxe6 fxe6 26. f4 c3 27. fxe5 Qxe5 28.
Rxf8+ Bxf8 29. Rd8 Qxa5 30. Nc8 Qc5+ 31. Kg2 Qc6+ 32. e4 Kg7 33. Kf3 g5 34. Rd3
g4+ 35. Kxg4 Qxe4+ 36. Kh3 Qf5+ 37. Kg2 Qe4+ 38. Kh3 Qf5+ 39. g4 Qf1+ 40. Kg3 e5
41. Rf3 Qg1+ 42. Kh3 Kh6 43. Qf5 Kg7 44. Qg5+ 1-0

[Event "London Classic Open 2017"]
[Site "London ENG"]
[Date "2017.12.09"]
[Round "9.74"]
[White "Bremner, Adam"]
[Black "Jain, Gautam"]
[Result "1-0"]
[WhiteTitle "CM"]
[WhiteElo "2231"]
[BlackElo "1804"]
[WhiteFideId "2400847"]
[BlackFideId "425311"]
[EventDate "2017.12.02"]

1. d4 Nf6 2. Bg5 c6 3. Nc3 d5 4. Qd2 Bf5 5. f3 Nbd7 6. O-O-O b5 7. e4 dxe4 8. d5
b4 9. dxc6 bxc3 10. Qxc3 exf3 11. Bxf6 gxf6 12. Qxf3 Bh6+ 13. Kb1 Ne5 14. Rxd8+
Rxd8 15. c7 Nxf3 16. Bb5+ Bd7 17. Bxd7+ Kxd7 18. cxd8=R+ Rxd8 19. Nxf3 Kc6 20.
c4 e5 21. Re1 Kc5 22. b3 Rd3 23. Kc2 Re3 24. Rxe3 Bxe3 25. Kd3 Bf2 26. Ke2 Bd4
27. Kd3 Bf2 28. Ke4 Kb4 29. Kd5 Ka3 30. c5 Kxa2 31. Nd2 Bg1 32. h3 e4 33. c6 e3
34. Nf3 1-0

[Event "London Classic Open 2017"]
[Site "London ENG"]
[Date "2017.12.09"]
[Round "9.75"]
[White "Rice, Chris B"]
[Black "Navrotescu, Andreea-Cristiana"]
[Result "0-1"]
[BlackTitle "WIM"]
[WhiteElo "1969"]
[BlackElo "2193"]
[WhiteFideId "404446"]
[BlackFideId "675946"]
[EventDate "2017.12.02"]

1. c4 e5 2. g3 Nf6 3. Bg2 c6 4. d4 e4 5. Nc3 d5 6. cxd5 cxd5 7. f3 Bb4 8. Bd2
Bxc3 9. bxc3 O-O 10. Nh3 exf3 11. exf3 Re8+ 12. Kf2 Bf5 13. Re1 Rxe1 14. Qxe1
Nc6 15. Kg1 Qd7 16. Qf1 h6 17. Re1 Na5 18. Nf4 Nc4 19. Bc1 b5 20. Nd3 Bxd3 21.
Qxd3 a5 22. Bf4 Nb2 23. Qd2 Nc4 24. Qd3 Rc8 25. Bf1 Nh5 26. Bc1 Nb6 27. Bd2 Nc4
28. Bc1 b4 29. cxb4 axb4 30. a3 Qb7 31. axb4 Qxb4 32. Kf2 Nf6 33. Re2 Ra8 34.
Rc2 Qb6 35. Kg2 Ra1 36. Qc3 Ra4 37. Bd3 g6 38. Re2 Kg7 39. Rc2 Rb4 40. Qa1 Na5
41. Be3 Rb1 42. Qa3 Qb4 43. Qxb4 Rxb4 44. Be2 Nc4 45. Bc1 Ra4 46. Kf2 g5 47. Bd3
Nd6 48. Be3 Ra3 49. Rc6 Nde4+ 50. Ke2 Nc3+ 51. Kd2 Nd1 52. Kxd1 Rxd3+ 53. Ke2
Ra3 54. Rd6 Ra2+ 55. Bd2 g4 56. fxg4 Rxd2+ 0-1

[Event "London Classic Open 2017"]
[Site "London ENG"]
[Date "2017.12.09"]
[Round "9.76"]
[White "Nelson, Omowale"]
[Black "Mcgowan, Daniel"]
[Result "0-1"]
[WhiteElo "1949"]
[BlackElo "2155"]
[WhiteFideId "7400209"]
[BlackFideId "2401479"]
[EventDate "2017.12.02"]

1. d4 Nf6 2. c4 e6 3. g3 d5 4. Nf3 Be7 5. Bg2 O-O 6. O-O dxc4 7. Qc2 a6 8. a4
Nbd7 9. Qxc4 b5 10. axb5 axb5 11. Qxb5 Rxa1 12. Na3 Nb6 13. Nd2 Rxa3 14. bxa3
Qxd4 15. e3 Qa4 16. Qe5 Bd6 17. Qa1 Ba6 18. Re1 Qc2 19. Bf3 Nbd5 20. e4 Nc3 21.
e5 Be7 22. exf6 Bxf6 23. Kg2 Rb8 24. a4 Nb1 25. Be4 Qxe4+ 26. Nxe4 Bxa1 27. Bf4
e5 28. Nc5 Bb7+ 29. Kg1 Bc6 30. Bxe5 Bxe5 31. Rxe5 Nd2 0-1

[Event "London Classic Open 2017"]
[Site "London ENG"]
[Date "2017.12.09"]
[Round "9.77"]
[White "Smith, Andrew Philip"]
[Black "Sellmair, Reinhard"]
[Result "1-0"]
[WhiteTitle "FM"]
[WhiteElo "2126"]
[BlackElo "1936"]
[WhiteFideId "2500833"]
[BlackFideId "12946990"]
[EventDate "2017.12.02"]

1. e4 e6 2. b3 c5 3. Bb2 d5 4. Nf3 dxe4 5. Ne5 Nf6 6. Bb5+ Bd7 7. Qe2 Be7 8.
Nxd7 Nbxd7 9. Nc3 a6 10. Bxd7+ Qxd7 11. Nxe4 Nxe4 12. Qxe4 Bf6 13. Bxf6 gxf6 14.
O-O O-O-O 15. d3 Qd4 16. Qf3 Rhg8 17. g3 f5 18. Rae1 Rg4 19. Re3 Rdg8 20. Rfe1
h5 21. Re5 h4 22. Kf1 hxg3 23. hxg3 Qc3 24. Qe3 b6 25. Qf3 Kc7 26. Rxf5 exf5 27.
Re7+ 1-0

[Event "London Classic Open 2017"]
[Site "London ENG"]
[Date "2017.12.09"]
[Round "9.78"]
[White "Ifalore, Michael"]
[Black "De Abreu, Roberto N"]
[Result "0-1"]
[BlackTitle "FM"]
[WhiteElo "1962"]
[BlackElo "2110"]
[WhiteFideId "436356"]
[BlackFideId "14307472"]
[EventDate "2017.12.02"]

1. d4 c5 2. d5 Nf6 3. c4 b5 4. cxb5 a6 5. bxa6 g6 6. Nc3 Bxa6 7. Nf3 Bg7 8. e4
Qa5 9. Bd2 Bxf1 10. Kxf1 d6 11. g3 O-O 12. Kg2 Qb6 13. Qc2 Na6 14. a3 Rfb8 15.
Rhb1 Qb3 16. Qxb3 Rxb3 17. Bc1 Nd7 18. Nd2 Rbb8 19. Nc4 Ne5 20. Nxe5 Bxe5 21. a4
c4 22. Ra3 Nc5 23. Be3 Nd3 24. a5 Nxb2 25. a6 Bxc3 26. Rxc3 Rxa6 27. Rc2 c3 28.
Rxc3 Raa8 29. Rc7 Kf8 30. Ba7 Rb4 31. Be3 Nd3 32. Rxb4 Nxb4 33. Rc4 Nd3 34. h4
Ne5 35. Rc7 Ke8 36. Bd4 Nd7 37. Kf3 f6 38. Ke3 Ra3+ 39. Ke2 Kd8 40. Rb7 f5 41.
exf5 gxf5 42. Bb6+ Ke8 43. Ra7 Rxa7 44. Bxa7 Nf6 45. Kf3 Nxd5 46. g4 e6 47. gxf5
exf5 48. Bd4 Kf7 49. Bb2 Ke6 50. Bd4 Kf7 51. Bb2 Ke6 52. Bd4 Ne7 53. Bb2 d5 54.
Ba1 Ng6 55. Kg3 h5 56. f4 Kd6 57. Bf6 Kc5 58. Bg5 Kc4 0-1

[Event "London Classic Open 2017"]
[Site "London ENG"]
[Date "2017.12.09"]
[Round "9.79"]
[White "Fink-Nunn, Petra"]
[Black "De Coverly, Roger D"]
[Result "0-1"]
[WhiteTitle "WFM"]
[WhiteElo "2071"]
[BlackElo "1921"]
[WhiteFideId "405809"]
[BlackFideId "405213"]
[EventDate "2017.12.02"]

1. e4 e5 2. Nf3 Nc6 3. Bb5 a6 4. Ba4 Nf6 5. O-O Be7 6. Re1 b5 7. Bb3 d6 8. c3
O-O 9. d3 Na5 10. Bc2 c5 11. Nbd2 Re8 12. d4 Qc7 13. d5 Bf8 14. b3 g6 15. Nf1
Nh5 16. Be3 Bg7 17. Ng3 Nxg3 18. hxg3 Nb7 19. Qd2 Nd8 20. Bh6 f6 21. Nh2 a5 22.
a3 Bxh6 23. Qxh6 Qg7 24. Qd2 Bd7 25. b4 Nb7 26. Nf1 Ra7 27. Bd3 Rea8 28. Rab1 c4
29. Be2 f5 30. Bf3 Nd8 31. Ne3 axb4 32. axb4 Nf7 33. Rb2 Ng5 34. Nf1 Nxe4 35.
Bxe4 fxe4 36. Qe3 Qf7 37. Qxe4 Bf5 38. Qf3 Bd3 39. Ne3 Qxf3 40. gxf3 Ra3 41. Nd1
Rb3 42. Rxb3 cxb3 43. Nb2 Bc2 44. c4 bxc4 45. Nxc4 Rb8 46. Na3 Rxb4 47. Rc1 Bf5
48. Nb1 b2 49. Rd1 Rc4 0-1

[Event "London Classic Open 2017"]
[Site "London ENG"]
[Date "2017.12.09"]
[Round "9.80"]
[White "Marentini, Marcel"]
[Black "McKerracher, Douglas"]
[Result "1-0"]
[WhiteElo "2055"]
[BlackElo "1915"]
[WhiteFideId "1318730"]
[BlackFideId "2401002"]
[EventDate "2017.12.02"]

1. Nf3 f5 2. c4 Nf6 3. g3 e6 4. Bg2 d5 5. b3 c6 6. O-O Bd6 7. d4 Qe7 8. a4 O-O
9. Ba3 Bxa3 10. Nxa3 b6 11. Qc2 Bb7 12. cxd5 cxd5 13. Rfc1 Na6 14. Ne5 Rfc8 15.
Qb2 Nb4 16. Rxc8+ Rxc8 17. Rc1 Nc6 18. Nd3 Nxd4 19. Rxc8+ Bxc8 20. Qxd4 Qxa3 21.
Qc3 Ba6 22. Qc6 Bxd3 23. Qxe6+ Kf8 24. exd3 Qa1+ 25. Bf1 g6 26. h3 Qd4 27. Qc8+
Kg7 28. Qc7+ Kh6 29. Qxa7 f4 30. g4 Qb4 31. Qc7 g5 32. Qe5 1-0

[Event "London Classic Open 2017"]
[Site "London ENG"]
[Date "2017.12.09"]
[Round "9.81"]
[White "Vachtfeidl, Petr"]
[Black "Barton, R Alan"]
[Result "0-1"]
[WhiteElo "1934"]
[BlackElo "2052"]
[WhiteFideId "315028"]
[BlackFideId "404233"]
[EventDate "2017.12.02"]

1. d4 c5 2. d5 f5 3. e4 fxe4 4. Nc3 Nf6 5. g4 d6 6. g5 Nfd7 7. Nxe4 g6 8. Nh3
Na6 9. Nf4 Nc7 10. Ne6 Nxe6 11. dxe6 Ne5 12. f4 Nc6 13. f5 Qa5+ 14. Bd2 Qa4 15.
Bd3 gxf5 16. Qh5+ Kd8 17. Nc3 Qg4 18. Qxg4 fxg4 19. O-O-O Bxe6 20. Rde1 Ne5 21.
Rxe5 dxe5 22. Be4 Rb8 23. Be3 b6 24. Rd1+ Ke8 25. Bc6+ Kf7 26. Bd7 Bxd7 27. Rxd7
a6 28. Ne4 h6 29. Ra7 a5 30. a4 Kg6 31. gxh6 Bxh6 32. Bxh6 Rxh6 33. Rxe7 Kf5 34.
Nf2 Rg8 35. Nd3 Rxh2 36. Rxe5+ Kf6 37. Re1 g3 38. Rf1+ Ke7 0-1

[Event "London Classic Open 2017"]
[Site "London ENG"]
[Date "2017.12.09"]
[Round "9.82"]
[White "Nettleton, Charlie B"]
[Black "Damianou, Ioannis"]
[Result "0-1"]
[WhiteElo "2047"]
[BlackElo "1907"]
[WhiteFideId "419710"]
[BlackFideId "5902355"]
[EventDate "2017.12.02"]

1. Nf3 Nf6 2. g3 g6 3. b4 Bg7 4. Bb2 b6 5. Bg2 Bb7 6. d3 d5 7. Nbd2 O-O 8. c4 e6
9. Qb3 Nbd7 10. O-O Qe7 11. a4 a5 12. b5 Rfd8 13. Rac1 c5 14. bxc6 Bxc6 15. Ne5
Nxe5 16. Bxe5 dxc4 17. Nxc4 Bxg2 18. Kxg2 Qb7+ 19. Kg1 Nd5 20. Bxg7 Kxg7 21. Qb5
Rab8 22. h4 Nb4 23. Qe5+ Kg8 24. Ne3 Nd5 25. Ng4 h5 26. Nf6+ Nxf6 27. Rc7 Nd7
28. Qd6 Qd5 29. Qe7 Ne5 30. f4 Rd7 0-1

[Event "London Classic Open 2017"]
[Site "London ENG"]
[Date "2017.12.09"]
[Round "9.83"]
[White "Everett, Joe"]
[Black "Hagesather, Arne"]
[Result "1-0"]
[WhiteElo "1922"]
[BlackElo "2046"]
[WhiteFideId "443204"]
[BlackFideId "1502476"]
[EventDate "2017.12.02"]

1. d4 Nf6 2. c4 e6 3. Nc3 Bb4 4. Qc2 d5 5. cxd5 exd5 6. Bg5 h6 7. Bxf6 Qxf6 8.
e3 c6 9. Bd3 O-O 10. Ne2 Re8 11. O-O Nd7 12. a3 Bf8 13. b4 Qd6 14. Bf5 Nf6 15.
Bxc8 Raxc8 16. Na4 Ng4 17. g3 b6 18. Qf5 Nf6 19. Rfc1 g6 20. Qd3 h5 21. h4 Qd7
22. Nac3 Bh6 23. Kg2 Ng4 24. Nf4 Kg7 25. b5 Nf6 26. bxc6 Rxc6 27. Nfe2 Rce6 28.
Nd1 Ne4 29. Nf4 R6e7 30. Rc2 Bxf4 31. exf4 Nd6 32. Ne3 Re4 33. Rac1 Nb5 34. a4
Nxd4 35. Rc7 Qxa4 36. Nxd5 Qb5 37. Qxb5 Nxb5 38. Rd7 Rd4 39. Rc6 Re2 40. f5 Kf8
41. fxg6 fxg6 42. Rxg6 Nc7 43. Rh6 1-0

[Event "London Classic Open 2017"]
[Site "London ENG"]
[Date "2017.12.09"]
[Round "9.84"]
[White "Lochte, Szilvia"]
[Black "Iyengar, Ilya"]
[Result "1-0"]
[WhiteElo "1850"]
[BlackElo "2044"]
[WhiteFideId "708410"]
[BlackFideId "405949"]
[EventDate "2017.12.02"]

1. d4 Nf6 2. Bf4 g6 3. Nd2 d5 4. e3 c5 5. c3 Qb6 6. Qc1 Bf5 7. Be2 Nc6 8. Ngf3
Rc8 9. h3 Bg7 10. O-O O-O 11. dxc5 Qxc5 12. Qd1 Rfd8 13. Qb3 Ne4 14. Nxe4 Bxe4
15. Bg3 e5 16. Ng5 Bf5 17. Qxb7 Bd7 18. Qb3 Qe7 19. Nf3 d4 20. exd4 exd4 21. Ba6
Na5 22. Qd1 Rc6 23. Bb5 Rb6 24. Bxd7 Rxd7 25. Re1 Qd8 26. cxd4 Rxb2 27. Qa4 h6
28. Rac1 Kh7 29. Qa3 Rb5 30. Bh4 Qb6 31. Rc8 Nc6 32. Qe3 Nxd4 33. Qe8 Nxf3+ 34.
gxf3 g5 35. Qxd7 gxh4 36. Qd3+ f5 37. Qc4 Qg6+ 38. Kh1 Qh5 39. Qg8+ Kg6 40. Rc6+
Kg5 41. Qxg7+ Kf4 42. Rc4+ Kxf3 43. Qg2# 1-0

[Event "London Classic Open 2017"]
[Site "London ENG"]
[Date "2017.12.09"]
[Round "9.85"]
[White "Rizzoli, Aluna"]
[Black "Prior, Stephen C V"]
[Result "1-0"]
[WhiteElo "1899"]
[BlackElo "2037"]
[WhiteFideId "843881"]
[BlackFideId "423378"]
[EventDate "2017.12.02"]

1. d4 Nf6 2. Bf4 c5 3. e3 Qb6 4. Nd2 cxd4 5. Ngf3 dxe3 6. Bxe3 Qc7 7. Bb5 a6 8.
Ba4 e6 9. O-O Be7 10. c4 O-O 11. Bc2 Nc6 12. Re1 Ng4 13. Bxh7+ Kxh7 14. Ng5+
Bxg5 15. Qxg4 Bh6 16. Qh5 f5 17. Bxh6 gxh6 18. Re3 Rg8 19. Rh3 Qf4 20. Nf3 Rxg2+
21. Kxg2 Qg4+ 22. Kh1 Qxh5 23. Rxh5 b6 24. Rd1 Na5 25. Ne5 Bb7+ 26. f3 Rd8 27.
Kg2 d6 28. Rxh6+ Kxh6 29. Nf7+ Kh5 30. Nxd8 Nxc4 31. Kg3 Bd5 32. b3 Ne3 33. Rd3
Nc2 34. Nf7 f4+ 35. Kf2 Ne3 36. Nxd6 Kh4 37. Rd4 e5 38. Rd2 Be6 39. Ne4 Nd5 40.
Rd1 a5 41. Rg1 Bf5 42. Nd6 Bc2 43. Nc4 e4 44. fxe4 Bxe4 45. Nd2 Nc3 46. Nxe4
Nxe4+ 47. Kf3 Ng5+ 48. Rxg5 Kxg5 49. h4+ Kxh4 50. Kxf4 b5 51. Ke4 Kg5 52. Kd5
Kf6 53. Kc6 1-0

[Event "London Classic Open 2017"]
[Site "London ENG"]
[Date "2017.12.09"]
[Round "9.86"]
[White "Millward, Kevin P"]
[Black "Foster, Timothy"]
[Result "1-0"]
[WhiteElo "2035"]
[BlackElo "1893"]
[WhiteFideId "404721"]
[BlackFideId "423769"]
[EventDate "2017.12.02"]

1. d4 Nf6 2. Bf4 g6 3. e3 Bg7 4. Nf3 d6 5. h3 O-O 6. Be2 Nbd7 7. Bh2 b6 8. O-O
Bb7 9. Nbd2 Re8 10. c3 e5 11. dxe5 dxe5 12. Qc2 Qe7 13. a4 a6 14. Bc4 h6 15.
Qxg6 Bd5 16. Bxd5 Nxd5 17. Qc6 Qe6 18. Qxe6 Rxe6 19. Nb3 e4 20. Nh4 Ne5 21. Nd4
Ree8 22. Bxe5 Bxe5 23. Nc6 Bf6 24. Nf5 Re6 25. Ncd4 Bxd4 26. Nxd4 Rg6 27. Rfd1
Rg5 28. Ne2 Kh8 29. h4 Re5 30. Rd2 Rg8 31. Rad1 Ne7 32. Rd8 Nf5 33. g3 Nd6 34.
Rxg8+ Kxg8 35. Rd4 b5 36. axb5 axb5 37. Nf4 Re8 38. Nd5 Ra8 39. Nxc7 Ra1+ 40.
Kg2 Nc4 41. Nxb5 Ra2 1-0